000 00734nam a22002297a 4500
005 20170124105949.0
010 _aB-059469
020 _c00.00
_a8172730462
035 _aB-059469
037 _bCen Lib/Ret
040 _aDPL
_bEN
082 _a291
_bGAN
100 _aGangchen, T.Y.S. Lama
_913000
245 _aMajor religions in contemporary world /
_cby T.Y.S. Lama Gangchen
260 _aItaly
_bAuthoraspress
_c2001
270 _bItaly
_aLama Gangehen World Peace Foundation via Marco Polo 13, 20124 Milan
300 _aix, 350p.
_c22cm(Hb)
500 _aIncludes bibliographical references and index
650 _aReligion
_980168
650 _aFaith
_zWorld
_913002
942 _2ddc
_cEN
_h291
_mGAN
999 _c125097
_d125097